Learning Resource and Development

Performance of household graywater treatment facility / (Record no. 11219)

MARC details
000 -LEADER
fixed length control field 00797nam a22002297a 4500
005 - DATE AND TIME OF LATEST TRANSACTION
control field 20240701105815.0
008 - FIXED-LENGTH DATA ELEMENTS--GENERAL INFORMATION
fixed length control field 181016t xxu||||| |||| 00| 0 eng d
040 ## - CATALOGING SOURCE
Transcribing agency CSPC
090 ## - LOCALLY ASSIGNED LC-TYPE CALL NUMBER (OCLC); LOCAL CALL NUMBER (RLIN)
Classification number (OCLC) (R) ; Classification number, CALL (RLIN) (NR) MTH MET Om2
100 1# - MAIN ENTRY--PERSONAL NAME
Personal name Omelan, Ariel A.,
Relator term author.
245 10 - TITLE STATEMENT
Title Performance of household graywater treatment facility /
Statement of responsibility, etc. Ariel A. Omelan.
260 ## - PUBLICATION, DISTRIBUTION, ETC.
Place of publication, distribution, etc. Nabua, Camarines Sur :
Name of publisher, distributor, etc. Camarines Sur Polytechnic Colleges ;
Date of publication, distribution, etc. 2018.
300 ## - PHYSICAL DESCRIPTION
Extent 111 leaves
502 ## - DISSERTATION NOTE
Dissertation note Masteral Thesis (MET) - Engineering
Name of granting institution Camarines Sur Polytechnic Colleges, 2018.
720 ## - ADDED ENTRY--UNCONTROLLED NAME
Name Tomenio, Francia H.,
Relator term adviser.
720 ## - ADDED ENTRY--UNCONTROLLED NAME
Name Salazar, nilo R.,
Relator term panelist, chair.
720 ## - ADDED ENTRY--UNCONTROLLED NAME
Name Blanquera, Irene Virginia C.,
Relator term panelist.
720 ## - ADDED ENTRY--UNCONTROLLED NAME
Name Hermoso, Aris E.,
Relator term panelist.
940 ## - EQUIVALENCE OR CROSS-REFERENCE--UNIFORM TITLE [OBSOLETE] [CAN/MARC only]
Uniform title <a href="Lenie">Lenie</a>
942 ## - ADDED ENTRY ELEMENTS (KOHA)
Koha item type Unpublished Materials
Source of classification or shelving scheme Dewey Decimal Classification
Holdings
Withdrawn status Lost status Source of classification or shelving scheme Damaged status Not for loan Home library Current library Shelving location Date acquired Total Checkouts Full call number Barcode Date last seen Copy number Price effective from Koha item type
    Dewey Decimal Classification     Main Library Main Library Graduate School Library 05/12/2023   MTH MET Om2p 2018 5602UM 05/12/2023 1-1 05/12/2023 Unpublished Materials